000 01262nam a22003017a 4500
001 7884
003 FISKH
005 20250813090733.0
008 250813b cb ||||| |||| 00| 0 eng d
020 _a9780237520083
040 _aFISKH
_beng
_cFISKH
_dFISKH
050 _aPZ7
082 _a900
100 _aHunter, Rebecca
245 _aIn grandma's day :
_bWar in grandma's day /
_cRebecca Hunter with Angela Downey
250 _aThis edition first published in 1999
260 _aLondon :
_bEvans,
_c1999
300 _a30 pages :
_bcolor illustrations ;
_c25 cm
505 _aN
520 _aBased on autobiography, anecdotes and recounting of past experiences and events this book tells you what it was like to be an evacuee during the Second World War. Intended to fulfil the requirements of the Literacy Hour it uses autobiography, anecdotes and recounting of past experiences and events. There are photographs of contemporary people, places, artefacts and documents to encourage a broad investigative approach to history.
521 8 _a550
_bLexile
521 8 _aN
_bRaz-Plus
650 _2Grandma's
_aWorld War
650 _2Social history
_aThemes
700 _aLafford, Stuart
_dillustrator
942 _2ddc
_cBK
_n0
999 _c7884
_d7884